1891 Historia Naval de la Guerra Civil

Збережено в:
Бібліографічні деталі
Автор: Jordán Astaburuaga, Gustavo
Інші автори: Castagneto Garviso, Piero
Формат: Книга
Мова:Англійська
Опубліковано: Valparaíso, Chile Ediciones Universitarias de Valparaíso 2019
Предмети:
Теги: Додати тег
Немає тегів, Будьте першим, хто поставить тег для цього запису!

MARC

LEADER 00000nam a22000007a 4500
003 CL-VaPUC
005 20240611092128.0
008 200116b ||||| |||| 00| 0 eng d
999 |c 376540  |d 376538 
020 |a 9789561708426 
040 |c Pontificia Universidad Católica de Valparaíso 
082 |a 983.062 JOR 2019 
100 |a Jordán Astaburuaga, Gustavo  |9 601429 
245 |a 1891 Historia Naval de la Guerra Civil 
260 0 3 |a Valparaíso, Chile  |b Ediciones Universitarias de Valparaíso  |c 2019 
300 |a 288 páginas 
583 |c 20200116  |k Valeria Valenzuela 
650 0 0 |a Historia naval  |z CHILE  |9 268284 
650 0 0 |a GUERRA CIVIL DE 1891  |9 408173  |z CHILE 
650 0 0 |a Armada de Chile   |9 508787 
650 0 0 |a REVOLUCION DE 1891  |9 434235  |z CHILE 
650 0 0 |a Historia de Chile  |y 1891  |9 265473 
700 |a Castagneto Garviso, Piero  |9 605819 
942 |2 ddc  |c BK 
952 |0 0  |1 0  |2 ddc  |4 0  |6 983_062000000000000_JOR_2019  |7 0  |8 A  |9 496039  |a BIBHIS  |b BIBHIS  |d 2020-01-16  |i 5615747  |o 983.062 JOR 2019   |p 5615747  |r 2025-01-20  |t 1  |w 2020-01-16  |y BK  |k HIS 
952 |0 0  |1 0  |2 ddc  |4 0  |6 983_062000000000000_JOR_2019  |7 0  |8 A  |9 577226  |a BIBHIS  |b BIBHIS  |d 2020-12-17  |i 5619807  |o 983.062 JOR 2019  |p 5619807  |r 2025-01-20  |t 2  |w 2020-12-17  |y BK  |k HIS 
952 |0 0  |1 0  |2 ddc  |4 0  |6 983_062000000000000_JOR_2019  |7 0  |8 A  |9 577227  |a BIBHIS  |b BIBHIS  |d 2020-12-17  |i 5619815  |o 983.062 JOR 2019  |p 5619815  |r 2025-01-20  |t 3  |w 2020-12-17  |y BK  |k HIS